000 00650nam a2200253Ia 4500
001 51255
005 20240114005221.0
007 ta
008 090617s2002 g b000 u 465 u
040 _aCotton College,Assam
041 _a465
082 _a510
_bSHA
100 _aSharma, A. K. .
245 0 _aBulletin of Pure and Applied Sciences /
_cA. K. Sharma.
_hTextual Documents
250 _a1st ed /
260 _aGhaziabad :
_bA. K. Sharma ,
_c2002.
300 _a213p ;
_c23 cm.
362 _aVol. 21E-
653 _aJournals
653 _aBV-Mathematics
942 _2ddc
_cBK
999 _c51220
_d51220